| 000 | 00882nam1a22002531 4500 | ||
|---|---|---|---|
| 001 | rc\3612798 | ||
| 005 | 20130115143742.9 | ||
| 035 | _a(NLR Aleph) 007817546 | ||
| 090 |
_a7732912 _c7732912 |
||
| 100 | _a20130115g1970 |||y0rusy50 ca | ||
| 101 | 0 | _arus | |
| 102 | _aRU | ||
| 105 | _a z ||||| | ||
| 200 | 1 |
_aЭлектропривод _e[Учеб. пособие] _fПод ред. проф. М.В. Мартынова _gМ-во высш. и сред. спец. образования СССР. Моск. горный ин-т. Ч. 1- |
|
| 210 |
_aМосква _cБ. и. _d1970- |
||
| 215 | _d20 | ||
| 606 |
_aЭлектроприводы _2psbo |
||
| 700 | 1 |
_aКостюк _bВ. С. _gВиталий Сергеевич |
|
| 702 | 1 |
_aМартынов _bМ. В. _4340 |
|
| 801 | 0 |
_aRU _bNLR _gpsbo |
|
| 801 | 1 |
_aRU _bELAR _2rusmarc |
|
| 852 |
_aNLR _j70-4/27248 |
||
| 942 | _cBOOK | ||
| 980 | _aNB | ||